Retro UK TV Advert Slogans - Statistics

General Stats
  • This quiz has been taken 37 times
  • The average score is 10 of 15
Answer Stats
Hint Answer % Correct
Tesco, every ____ helps Little
100%
The National Lottery ... It could be ____ You
96%
For mash get ____ Smash
91%
Do the shake and ____ and put the freshness back Vac
87%
Cream cakes ____ but nice Naughty
83%
A ____ a day helps you work rest and play Mars
78%
Bloo ... I feel like a new ____ Loo
74%
Let the ____ take the strain Train
74%
Only the crumbliest Flake is ____ Chocolate
57%
Go to work on an ____ Egg
52%
Dairy Milk, a glass and a half of ____ cream milk in every bar Full
48%
Watch out watch out there's a ____ about Humphrey
43%
The ____ you can eat between meals without ruining your appetite Sweet
43%
____ beats as it sweeps as it cleans Hoover
35%
A brighter carpet means a brighter home ____ dry foam 1001
17%
No matching quizzes found
Score Distribution
Percent of People with Each Score
Percentile by Number Answered
Your Score History
You have not taken this quiz